000 00867cab a2200301 4500
001 ABS52162
008 090401t1995 xxu||||| |||| 00| 0 eng d
035 _a(Sirsi) u64155
041 _aeng
100 _aTiits, T.
245 _aProgress and obstacles in Estonia
260 _c1995
350 _a0
490 _aEstates News
_v1(41) January/February 1995, 22(1)
520 _aExamines the key issues in the Estonian property market, land and ownership reforms, decentralisation and separation of responsibilites.
650 _aEASTERN EUROPE
650 _aECONOMY
650 _aESTONIA
650 _aHOUSING MARKET
650 _aLAND OWNERSHIP
650 _aLAND REFORM
650 _aPROPERTY OWNERSHIP
650 _aPROPERTY SALES
690 _aOVERSEAS-EUROPE
690 _aPROPERTY LAW AND PRACTICE
942 _n0
948 _c04/03/1997
999 _c39943
_d39943